| 000 | 00662cam a22002053a 4500 | ||
|---|---|---|---|
| 001 | 45458 | ||
| 003 | PGUSA | ||
| 005 | 20140828084042.0 | ||
| 008 | 140423s2014||||xxu|||||s|||||000 | eng d | ||
| 040 |
_aPGUSA _beng |
||
| 042 | _adc | ||
| 100 | 1 | _aDufour, Pierre | |
| 245 | 1 | 0 |
_aHistoire de la prostitution chez tous les peuples du monde depuis l'antiquité la plus reculée jusqu'à nos jours, tome 6/6 _h[electronic resource] / _cPierre Dufour |
| 260 |
_bProject Gutenberg, _c2014 |
||
| 506 | _aPublic domain in the USA. | ||
| 516 | _aElectronic text | ||
| 830 | 0 |
_aProject Gutenberg _v45458 |
|
| 856 | 4 | 0 | _uhttp://www.gutenberg.org/ebooks/45458 |
| 942 | _cEB | ||
| 999 |
_c274709 _d274709 |
||